Development of forests and forest based industries (Record no. 40062)

MARC details
000 -LEADER
fixed length control field 00426nam a2200157Ia 4500
082 ## - DEWEY DECIMAL CLASSIFICATION NUMBER
Classification number 630
Item number SHA
100 ## - MAIN ENTRY--AUTHOR NAME
Personal name SAHRMA, L C
245 #0 - TITLE STATEMENT
Title Development of forests and forest based industries
260 ## - PUBLICATION, DISTRIBUTION, ETC. (IMPRINT)
Place of publication Dehra Dun
Name of publisher Bishen Singh
Year of publication 1978
650 ## - SUBJECT ADDED ENTRY--TOPICAL TERM
Topical Term Forest based industry
650 ## - SUBJECT ADDED ENTRY--TOPICAL TERM
Topical Term Match industry
650 ## - SUBJECT ADDED ENTRY--TOPICAL TERM
Topical Term Paper industry
650 ## - SUBJECT ADDED ENTRY--TOPICAL TERM
Topical Term Plywood industry
942 ## - ADDED ENTRY ELEMENTS (KOHA)
Koha item type Books
Holdings
Withdrawn status Lost status Damaged status Not for loan Home library Current library Date acquired Full call number Accession Number Koha item type
        RRII Library RRII Library 16/12/2021 630 SHA 20377 Books